| Tag |
First Indicator |
Second Indicator |
Subfields |
| LEADER |
00000cam a22000001i 4500 |
| 001 |
in00003965535 |
| 006 |
m |o d | |
| 007 |
cr |n||||||||| |
| 008 |
171114s2016 enka ob 001 0 eng d |
| 005 |
20250816191022.4 |
| 020 |
|
|
|a 9781315727820 (electronic bk.)
|
| 020 |
|
|
|a 131572782X (electronic bk.)
|
| 020 |
|
|
|z 9781138845916
|
| 020 |
|
|
|z 1138845914
|
| 024 |
8 |
|
|a 99974174514
|
| 035 |
|
|
|a (NhCcYBP)ybp12936955
|
| 040 |
|
|
|a NhCcYBP
|c NhCcYBP
|d UtOrBLW
|
| 050 |
|
4 |
|a TN871.3
|b .K485 2016
|
| 082 |
0 |
4 |
|a 622/.338190683
|2 23
|
| 100 |
1 |
|
|a Khalique, Abdul.
|0 http://id.loc.gov/authorities/names/no2009188337
|
| 245 |
1 |
0 |
|a Basic offshore safety :
|b safety induction and emergency training for new entrants to the offshore oil and gas industry /
|c Abdul Khalique.
|
| 264 |
|
1 |
|a London ;
|a New York :
|b Routledge, Taylor & Francis Group,
|c 2016.
|
| 300 |
|
|
|a 1 online resource.
|
| 336 |
|
|
|a text
|b txt
|2 rdacontent
|
| 337 |
|
|
|a computer
|b c
|2 rdamedia
|
| 338 |
|
|
|a online resource
|b cr
|2 rdacarrier
|
| 504 |
|
|
|a Includes bibliographical references and index.
|
| 588 |
|
|
|a Description based on print version record.
|
| 500 |
|
|
|a Electronic resource.
|
| 650 |
|
0 |
|a Offshore oil well drilling
|x Safety measures.
|
| 650 |
|
0 |
|a Offshore gas well drilling
|x Safety measures.
|
| 655 |
|
7 |
|a Electronic books.
|2 local
|
| 710 |
2 |
|
|a Taylor & Francis.
|0 http://id.loc.gov/authorities/names/n84073022
|
| 776 |
1 |
8 |
|c Original
|z 9781138845916
|z 1138845914
|w (DLC) 2015018917
|
| 856 |
4 |
0 |
|u http://proxy.library.tamu.edu/login?url=https://www.taylorfrancis.com/books/9781315727820
|z Connect to the full text of this electronic book
|t 0
|
| 955 |
|
|
|a YBP purchased firm e-records
|
| 980 |
|
|
|b 176.95
|g 1
|
| 999 |
f |
f |
|s aa9dd28c-0553-3b23-8de5-e88647822f68
|i ade1a183-77b2-35da-b9ac-d61a54263f52
|t 0
|
| 952 |
f |
f |
|a Texas A&M University
|b College Station
|c Electronic Resources
|d Available Online
|t 0
|e TN871.3 .K485 2016
|h Library of Congress classification
|
| 998 |
f |
f |
|a TN871.3 .K485 2016
|t 0
|l Available Online
|